Personnages de 2 Fast 2 Furious - Statistiques

Statistiques générales
  • Ce quiz a été pris 118 fois
  • Le résultat moyen est 5 sur 8
Statistiques - réponses
Hint Réponse % Correct
Ami d'enfance de 1, qui réside à Barstow Roman
99%
Héro principal qui est parti de Los Angeles après avoir laisser filer Dom Brian
98%
Ami de longue date de 1, qui organise des événements à Miami Tej
90%
Amie de 1 qui a une Honda S2000 rose Suki
80%
Antagoniste principal, soupçonné de blanchiment d'argent Verone
54%
Agent infiltré chez 6 depuis plus d'1 an Monica
52%
Agent de police présent dans le 1er film et demande à 1 de l'aide en échange de son blanchiment Bilkins
29%
Collègue de 3 qui élève le pont lors de la course du début Jimmy
26%
Aucun quiz correspondant
Distribution des résultats
% des personnes avec chaque résultat
Percentile par nombre de réponses
Votre historique - résultats
Vous n’avez pas pris ce quiz